000 00720nam a2200229 a 4500
001 BRCA_4691
005 20190320204752.0
008 011010s1932----enka######---#000-0#eng-#
041 _aeng
044 _aenk
050 4 _aNK3007
_b.M37 1932
100 1 _aMarillier, H. C.
_911903
245 1 0 _aHandbook to the teniers tapestries
_cby H. C. Marillier.
260 _aLondres
_bOxford ; Humphrey Milford
_c1932
300 _a114 p.
_bil., 72 láminas
_c22 cm.
500 _aIncluye índice de ilustraciones y los nombres de los propietarios mencionados en el texto
500 _aD64
600 1 4 _aTeniers, David the younger
_d1610-1690
_911904
650 1 4 _aTapices
_xHistoria
_95686
902 _aGFM
942 _2lcc
_cB
999 _c4391
_d4391